000 01105cam a2200289 i 4500
001 375201
003 EG-ScBUE
005 20251210093647.0
008 780628s1979 nyua f b 001 0 eng
020 _a0801411157
040 _aEG-ScBUE
_beng
_erda
_cEG-ScBUE
_dEG-ScBUE
082 0 4 _a548
_222
_bDUN
100 1 _aDunitz, Jack D.,
_96798
_eauthor.
245 1 0 _aX-ray analysis and the structure of organic molecules /
_cby Jack D. Dunitz, professor of chemical crystallography, Swiss Federal Institute of Technology.
264 1 _aIthaca, New York :
_bCornell University Press,
_c1979.
300 _a514 pages :
_billustrations ;
_c24 cm.
336 _2rdacontent
_atext
_btxt
337 _aunmediated
_2rdamedia
_bn
338 _avolume
_bnc
_2rdacarrier
490 0 _aThe George Fisher Baker non-resident lectureship in chemistry at Cornell University
500 _aIncludes Appendices.
504 _aIncludes bibliographical references and indexes.
650 7 _aX-ray crystallography.
_96800
_2BUEsh
650 7 _aMolecular structure.
_96801
_2BUEsh
655 _vReading book
942 _2ddc
_cBB
999 _c11997
_d11997